header

Bily brothers : (Record no. 255947)

MARC details
000 -LEADER
fixed length control field 01244pam a2200337 a 4500
001 - CONTROL NUMBER
control field 1105858
003 - CONTROL NUMBER IDENTIFIER
control field OSt
005 - DATE AND TIME OF LATEST TRANSACTION
control field 20170302125150.0
008 - FIXED-LENGTH DATA ELEMENTS--GENERAL INFORMATION
fixed length control field 930429s1993 nbua b 001 1 eng
010 ## - LIBRARY OF CONGRESS CONTROL NUMBER
LC control number 93011205
020 ## - INTERNATIONAL STANDARD BOOK NUMBER
International Standard Book Number 0934988307 (pbk.) :
Terms of availability $9.95
040 ## - CATALOGING SOURCE
Original cataloging agency DLC
Transcribing agency DLC
Modifying agency DLC
043 ## - GEOGRAPHIC AREA CODE
Geographic area code n-us-ia
050 00 - LIBRARY OF CONGRESS CALL NUMBER
Classification number PS3558.U829
Item number B5 1993
082 00 - DEWEY DECIMAL CLASSIFICATION NUMBER
Classification number 813/.54
Edition number 20
100 1# - MAIN ENTRY--PERSONAL NAME
Personal name Hutchinson, Duane.
245 10 - TITLE STATEMENT
Title Bily brothers :
Remainder of title wood carvers and clock makers /
Statement of responsibility, etc Duane Hutchinson.
250 ## - EDITION STATEMENT
Edition statement 1st ed.
260 ## - PUBLICATION, DISTRIBUTION, ETC. (IMPRINT)
Place of publication, distribution, etc Lincoln :
Name of publisher, distributor, etc Foundation Books,
Date of publication, distribution, etc c1993.
300 ## - PHYSICAL DESCRIPTION
Extent xxiv, 128 p. :
Other physical details ill. ;
Dimensions 22 cm.
504 ## - BIBLIOGRAPHY, ETC. NOTE
Bibliography, etc Includes bibliographical references (p. 113-117) and index.
600 10 - SUBJECT ADDED ENTRY--PERSONAL NAME
Personal name Bily, Joseph,
Dates associated with a name 1880-1964
General subdivision Fiction.
Personal name Bily, Frank,
Dates associated with a name 1884-1965
General subdivision Fiction.
650 #0 - SUBJECT ADDED ENTRY--TOPICAL TERM
Topical term or geographic name as entry element Clock and watch makers
Geographic subdivision Iowa
-- Spillville
General subdivision Fiction.
Topical term or geographic name as entry element Wood-carvers
Geographic subdivision Iowa
-- Spillville
General subdivision Fiction.
651 #0 - SUBJECT ADDED ENTRY--GEOGRAPHIC NAME
Geographic name Spillville (Iowa)
General subdivision History
-- Fiction.
655 #7 - INDEX TERM--GENRE/FORM
Genre/form data or focus term Biographical fiction.
Source of term gsafd
906 ## - LOCAL DATA ELEMENT F, LDF (RLIN)
a 7
b cbc
c orignew
d 1
e ocip
f 19
g y-gencatlg
942 ## - ADDED ENTRY ELEMENTS (KOHA)
Source of classification or shelving scheme Library of Congress Classification
Koha item type Long Loan Books
Holdings
Withdrawn status Lost status Source of classification or shelving scheme Damaged status Not for loan Collection code Home library Current library Shelving location Date acquired Total Checkouts Full call number Barcode Date last seen Price effective from Koha item type
    Library of Congress Classification     Non-fiction Rongo University Library Rongo University Library General Stacks 02/03/2017   PS3558.U829 B5 1993 201615459 02/03/2017 02/03/2017 Long Loan Books

© 2026 Rongo University
Contact us: librarian | system librarian | Rongo university